Title in the Lyrics (Eurovision Winners) - Statistics

General Stats
  • This quiz has been taken 17 times
  • The average score is 10 of 20
Answer Stats
Lyric Title % Correct
Small-town boy in a big ______ Arcade
86%
Rock 'n' roll angels, bring that ____ ____ __________ Hard Rock Hallelujah
86%
My my, at ________ Napoleon did surrender Waterloo
86%
Hij maakte blij melancholeik, __ __________ De Troubadour
64%
___ ______,verliefd is iedereen wel eens, dat weet je Een Beetje
57%
My heart goes ____ ____-_-____, ____ ____-_-____ Boom Bang-a-Bang
50%
Jag är ______ __ __ _________, fast för dig Fångad av en stormvind
50%
____ __ ____, don't cry, don't say a word Hold Me Now
50%
This woman is a child again, when I look __ ____ ____ In Your Eyes
50%
____ _____ _ _____ in every corner of my heart Love Shine a Light
50%
Mon cœur est gravé dans mes chansons ______ __ ____, ______ __ ___ Poupée de cire, poupée de son
50%
I am ___ _____ in the wind and the pouring rain The Voice
50%
Tu verras, __ __ ___________ Tu te reconnaîtras
50%
____ ________, vivo soñando Vivo Cantando
50%
Just let go and let me love you ________ ____ _ ___ Everyway That I Can
43%
____, ___ _____, le soleil est encore loin du jour Dors, Mon Amour
36%
_______, couleur du ciel, parfum de mes vingt ans Refrain
36%
________ mamo, mamo ________! Stefania
36%
____ ___ ________ - le soleil brille pour nous Nous Les Amoureux
29%
Je ne voulais pas d'un bonheur imaginiare, __ __ ___ ___ ______ Si la vie est cadeau
29%
No matching quizzes found
Score Distribution
Percent of People with Each Score
Percentile by Number Answered
Your Score History
You have not taken this quiz